LEADER 00770nam0-22002651i-450- 001 990000994260403321 035 $a000099426 035 $aFED01000099426 035 $a(Aleph)000099426FED01 035 $a000099426 100 $a20000920d1965----km-y0itay50------ba 101 0 $aeng 200 1 $aTheory of Functions of a Complex Variable$fAndrew Russell Forsyth 210 $aNew York$cDover$d1965 610 0 $aEquazioni differenziali e integro$aDifferenziali 676 $a517.37 700 1$aForsyth,$bAndrew Russell$012311 801 0$aIT$bUNINA$gRICA$2UNIMARC 901 $aBK 912 $a990000994260403321 952 $a15-080.001$b6216$fFI1 959 $aFI1 996 $aTheory of Functions of a Complex Variable$9354024 997 $aUNINA DB $aING01 LEADER 02383nam--2200445---450- 001 990000400380203316 005 20120919122505.0 012 $as:in i-lo i-o- **st (3) 1564 (Q)$2fei$5SA0186 035 $a0040038 035 $aUSA010040038 035 $a(ALEPH)000040038USA01 035 $a0040038 100 $a20010412d1564----km-y0itay0103----ba 101 0 $alat 102 $aFR 105 $a||||||||001yy 140 $aa---a---z--------zzzaa0000-- 141 $a#--z0z#-$5SA0186--------------------------------------------------------------------- 200 1 $aTiti Lucretii Cari De rerum natura libri sex, a Dionysio Lambino Mostroliensi litterarum Graecarum in urbe Lutetia doctore regio, locis innumerabilibus ex auctoritate quinque codicum manu scriptorum emendati, atque in antiquum ac nativum statum fere restituti, et praeterea brevibus, et perquam utilibus commentariis illustrati 210 $aParissis et Lugduni$cin Gulielmi Rouillii et Philippi G.Rouillii nep. aedibus$d1564 215 $a[24], 559, [1] p.$d4° 300 $aSul v. del front. privilegio di stampa datato 1563 306 $aFront. in cornice sil. con marca di Gualtier raffigurante un libro aperto, con motto "Temporum & rerum resurrectio", nella marca è incisa la data "1564" 307 $aSegnatura: â4 ê4 î4 *2 A-Z4 Aa-Zz4 AAa-ZZz4 AAA4 316 $aLeg. in mezza pelle e carta; sul dorso aut. e tit. impressi in oro; 16,5x23 cm 316 $aPresenza di macchie di umidità 317 $aSul v. della seconda c. di guardia ant. nota ms; molte sottolineature e glosse ms 700 1$aLUCRETIUS CARUS,$bTitus$071848 801 0$aIT$bsalbc$gISBD 912 $a990000400380203316 951 $aF.V. II. C. 4 (F.V. 79)$b618$cF.V. II. C. 959 $aBK 969 $aVEN 979 $aPAOLA$b40$c20010412$lUSA01$h1219 979 $aPATRY$b90$c20010713$lUSA01$h1245 979 $c20020403$lUSA01$h1648 979 $aPATRY$b90$c20040406$lUSA01$h1628 979 $aINGENITO$b90$c20120919$lUSA01$h1225 996 $aTiti Lucretii Cari De rerum natura libri sex, a Dionysio Lambino Mostroliensi litterarum Graecarum in urbe Lutetia doctore regio, locis innumerabilibus ex auctoritate quinque codicum manu scriptorum emendati, atque in antiquum ac nativum statum fere restituti, et praeterea brevibus, et perquam utilibus commentariis illustrati$9874245 997 $aUNISA